Science Quiz

Random Science or Math Quiz
Score 0/37 Timer 07:00
2 Plays Today
% Correct
???
91.2%
???
81.6%
???
77.1%
???
75.3%
???
68.3%
???
65.1%
???
60.2%
???
58.4%
???
57.5%
???
57.3%
???
57.2%
???
55.1%
???
54.5%
???
54.3%
???
54.2%
???
52.5%
???
52.4%
???
46.9%
???
46.6%
% Correct
???
46.2%
???
45.5%
???
44.4%
???
42.1%
???
40.4%
???
39.8%
???
36.8%
???
35.8%
???
35.6%
???
34.7%
???
33.4%
???
32.8%
???
32.2%
???
31.7%
???
30.8%
???
30.1%
???
28.5%
???
27.8%
Remove Ads.
Support Sporcle.
Get the best of Sporcle when you Go Orange. This ad-free experience offers more features, more stats, and more fun while also helping to support Sporcle. Thank you for becoming a member.

You're not logged in!

Compare scores with friends on all Sporcle quizzes.
OR
Log In

Show Comments

Extras

Top Quizzes Today


Score Distribution

Your Account Isn't Verified!

In order to create a playlist on Sporcle, you need to verify the email address you used during registration. Go to your Sporcle Settings to finish the process.

Report this User

Report this user for behavior that violates our Community Guidelines.

Details: